Statistics for Church - Chase Atlantic (lyrics)

Click here to take the quiz!

General Stats

  • This quiz has been taken 49 times
  • The average score is 290 of 323

Answer Stats

Answer% Correct
church,
100%
church)
100%
church
100%
I
100%
to
100%
(you
100%
you
100%
back
97%
(back
97%
but
97%
But
97%
I'm
97%
the
97%
The
97%
your
97%
(your
97%
baby,
95%
baby)
95%
me
95%
my
95%
No
95%
take
95%
we
95%
You're
95%
about
92%
am
92%
are
92%
be
92%
Call
92%
room
92%
I'll
92%
in
92%
into
92%
keep
92%
leading
92%
(leading
92%
nothing,
92%
on,
92%
on
92%
room
92%
room)
92%
so
92%
that's
92%
t-shirt
92%
all
90%
(all
90%
And
90%
fine
90%
gone
90%
hurt
90%
If
90%
knees
90%
'til
90%
until
90%
wearing
90%
yeah)
90%
(yeah,
90%
Yeah
90%
yeah,
90%
yeah
90%
Stay
87%
getting
87%
ground
87%
it
87%
only
87%
preacher
87%
Baptise
85%
deeper,
85%
drinks
85%
hurts
85%
hurts)
85%
I'ma
85%
more
85%
shallow,
85%
Speaking
85%
sunset
85%
up
85%
ain't
82%
confessions,
82%
done
82%
praying
82%
tell
82%
thighs
82%
tongues,
82%
what's
82%
worst?
82%
worst?)
82%
yet
82%
yet,
82%
'Cause
79%
know
79%
'til
79%
'Cause
74%
context
74%
it's
74%
of
74%
out
74%
Don't
69%
verses
69%
oh
67%
Oh,
67%
(oh,
67%
oh,
67%
weighing
67%
conscience
64%
Well,
56%
girl)
41%
now)
38%

Score Distribution

Percentile by Number Answered

Percent of People with Each Score

Your Score History

You have not taken this quiz